书目信息 |
| 题名: |
机电产品目录
|
|
| 作者: | ;国家计划委员会第一机械工业部机电设备成套总局 编 | |
| 分册: | 直流电机 | |
| 出版信息: | 北京 国家计划委员会第一机械工业部机电设备成套总局 1965 |
|
| 页数: | 289页 | |
| 开本: | 20cm | |
| 丛书名: | ||
| 单 册: | ||
| 中图分类: | T-63 | |
| 科图分类: | ||
| 主题词: | 工业产品--产品目录 , 工业产品--产品样本 | |
| 电子资源: | ||
| ISBN: | ||
| 000 | 00836nam0 2200205 450 | |
| 001 | 0631551327 | |
| 005 | 20060424095152.03 | |
| 100 | @a20060421d1965 km y0chiy0120 ea | |
| 101 | 0 | @achi |
| 102 | @aCN@b110000 | |
| 200 | 1 | @a机电产品目录@Aji dian chan pin mu lu@i直流电机@f国家计划委员会第一机械工业部机电设备成套总局编@Fguo jia ji hua wei yuan hui di yi ji xie gong ye bu ji dian she bei cheng tao zong ju bian |
| 210 | @a北京@c国家计划委员会第一机械工业部机电设备成套总局@d1965 | |
| 215 | @a289页@d20cm | |
| 517 | 1 | @a直流电机@Azhi liu dian ji |
| 606 | 0 | @a工业产品@x产品目录 |
| 606 | 0 | @a工业产品@x产品样本 |
| 690 | @aT-63@v3 | |
| 711 | 0 | @a国家计划委员会第一机械工业部机电设备成套总局@Aguo jia ji hua wei yuan hui di yi ji xie gong ye bu ji dian she bei cheng tao zong ju@4编 |
| 801 | 0 | @aCN@bPFT@c20060424 |
| 905 | @a10447@dT-63@e6 | |
| 机电产品目录.直流电机/国家计划委员会第一机械工业部机电设备成套总局编.-北京:国家计划委员会第一机械工业部机电设备成套总局,1965 |
| 289页;20cm |
| ISBN : |
| ● |
| 相关链接 |
|
|
|
|
正题名:机电产品目录
索取号:T-63/6
 
预约/预借
| 序号 | 登录号 | 条形码 | 馆藏地/架位号 | 状态 | 备注 |
| 1 | 0017359 | 202278533 | 密集书库/ [索取号:T-63/6] | 在馆 |